000 00868nam a2200241 i 4500
001 42583
003 ES-MaACL
005 20240516101402.0
007 t|
008 030407s2002 sp |||| | spa j
020 _a84-226-9571-5 Círculo de Lectores
020 _a84-8109-390-4 Galaxia Gutenberg
080 _a821.134.2-1"19"(082.2)
080 _a821.134.2(7/8)-1"19"(082.2)
245 0 4 _aLas ínsulas extrañas
_b: antología de poesía en lengua española (1950-2000) /
_cselección y prólogo de Eduardo Milán ... [et al.].
260 _aBarcelona :
_bGalaxia Gutenberg :
_bCírculo de Lectores,
_c[2002]
300 _a989 p. ;
_c22 cm.
650 4 _aPoesías españolas-
_yS.XX.
_916221
650 4 _aPoesía hispanoamericana-
_yS.XX
_916227
700 1 _aMilán, Eduardo.
_981079
852 _aES-MaACL
_jL-26216
999 _c42583
_d42583